Paroles - Le Bon Rhum de Binks - One Piece - Statistiques

Statistiques générales
  • Ce quiz a été pris 200 fois
  • Le résultat moyen est 166 sur 277
Statistiques - réponses
Réponse % Correct
Binks
99%
Bon
98%
De
98%
Le
98%
Rhum
98%
Je
96%
Ma
96%
Mat
96%
Matin
94%
M’en
91%
Vais
91%
Livrer
84%
À
83%
Les
80%
76%
La
76%
Et
74%
Dans
73%
Vagues
73%
Vent
71%
Du
70%
En
69%
Mon
69%
Au
67%
Gré
65%
Yohohoho
65%
Sa
64%
Chante
62%
Adieu
61%
Dansent
61%
Des
61%
Soleil
61%
Chantant
60%
Chevauche
59%
Ciel
59%
Natal
59%
Village
59%
Jeunesse
58%
Ce
56%
Course
56%
Flots
56%
Oiseaux
56%
Port
56%
Un
55%
Large
54%
Que
54%
Entame
53%
Pirate
53%
Avec
52%
Prends
52%
Alors
51%
Son
51%
Cercles
50%
Moi
50%
Bateau
49%
Dessinent
49%
Navire
49%
Voiles
48%
Mer
46%
Met
45%
Sur
45%
Si
44%
D’or
43%
Il
43%
D’argent
42%
J’suis
42%
Bel
40%
Est
40%
40%
Maison
39%
Fin
37%
Grandes
37%
Plus
35%
Quelques
35%
Une
35%
Cap
34%
Couplets
34%
Douillet
34%
Lit
34%
Tu
34%
Sont
33%
Flotte
32%
Mes
32%
Passage
32%
Pavillon
32%
S’étend
32%
Balaie
31%
Jusqu’à
31%
L’océan
30%
Vie
30%
Mets
29%
Passe
29%
Temps
29%
Ami
28%
Grands
28%
Blanchis
27%
Cet
27%
Dompter
27%
L’horizon
27%
Os
27%
Pirates
27%
Air
26%
Lune
26%
Noir
26%
Tempête
26%
Connu
25%
Soir
25%
Après
24%
Avenir
24%
Brillera
24%
D’aventures
24%
Demain
24%
Immense
24%
Jour
24%
Mouchoirs
24%
Promis
24%
Quoi
24%
Rêve
24%
Tintamarre
24%
C’est
23%
Croix
23%
Pleine
23%
Commence
22%
Finiras
22%
Ainsi
21%
Comédie
21%
Dernier
21%
Fasses
21%
Ferais
21%
Même
21%
Nouveau
21%
Peur
21%
Sera
21%
Soupir
21%
Agitant
20%
Lointaines
20%
Longue
20%
Pensées
20%
Tambours
20%
Leurs
19%
M’envahit
19%
Occupe
19%
Pleurer
19%
Pourquoi
19%
Silhouettes
19%
Obscurcit
18%
Roulez
16%
Aucun quiz correspondant
Distribution des résultats
% des personnes avec chaque résultat
Percentile par nombre de réponses
Votre historique - résultats
Vous n’avez pas pris ce quiz